000 01152cam a22002411 4500
001 he 67000068
003 DLC
005 20260227111443.0
008 850912s1965 is a b 000 0 eng
010 _ahe 67000068
040 _aDLC/ICU
_cICU
_dDLC
041 1 _aeng
_hrus
043 _ae-ur---
050 0 0 _aQL425.R9
_bZ473
100 1 _aZhadin, V. I.
240 1 0 _aMolli͡uski presnykh i solonovatykh vod SSSR.
_lEnglish
245 1 0 _aMollusks of fresh and brackish waters of the U.S.S.R.
_b(Mollyuski presnykh i solonovatykh vod SSSR)
_c[by] V.I. Zhadin. Translated from Russian [by A. Mercado].
260 _aJerusalem,
_bIsrael Program for Scientific Translations;
_b[available from the U.S. Dept. of Commerce, Clearinghouse for Federal Scientific and Technical Information, Springfield, Va.]
_c1965.
300 _axvi, 368 p.
_billus.
_c24 cm.
500 _aAt head of title: Academy of Sciences of the Union of Soviet Socialist Republics. Keys to the fauna of the U.S.S.R., published by the Zoological Institute of the Academy of Sciences of the U.S.S.R., no.46.
504 _aBibliography: p. 307-357.
650 0 _aMollusks
_zSoviet Union.
999 _c32075
_d32075